Suspension of Employee´S Duties As a Result of Temporary Incapacity for Work in Accordance With Slovak Legal Regulations
Analýza problematiky nárastu a trvania dočasnej pracovnej neschopnosti, ktorá sa riadi určitými právnymi úpravami. Článok sa zameriava najmä na uplatnenie nároku na finančnú kompenzáciu počas pracovnej neschopnosti, keďže pre chorého zamestnanca má z hľadiska živobytia nezastupiteľný význam.
Uložené v:
| Hlavný autor: | |
|---|---|
| Ďalší autori: | |
| Médium: | Kapitola |
| Jazyk: | English |
| Predmet: | |
| Tagy: |
Žiadne tagy, Buďte prvý, kto otaguje tento záznam!
|
MARC
| LEADER | 00000nla a2200000 4500 | ||
|---|---|---|---|
| 001 | 0247031 | ||
| 005 | 20210325095308.4 | ||
| 041 | 0 | |a eng | |
| 044 | |a CZ | ||
| 245 | 1 | 0 | |a Suspension of Employee´S Duties As a Result of Temporary Incapacity for Work in Accordance With Slovak Legal Regulations |c Silvia Treľová, Lenka Procházková |
| 520 | |a Analýza problematiky nárastu a trvania dočasnej pracovnej neschopnosti, ktorá sa riadi určitými právnymi úpravami. Článok sa zameriava najmä na uplatnenie nároku na finančnú kompenzáciu počas pracovnej neschopnosti, keďže pre chorého zamestnanca má z hľadiska živobytia nezastupiteľný význam. | ||
| 610 | 2 | 0 | |a zamestnanie |
| 610 | 2 | 0 | |a zamestnanci |
| 610 | 2 | 0 | |a práceneschopnosť |
| 610 | 2 | 0 | |a práceschopnosť |
| 610 | 2 | 0 | |a nemocenské |
| 610 | 2 | 0 | |a zákony |
| 610 | 2 | 0 | |a legislatíva |
| 610 | 2 | 0 | |a úpravy právne |
| 100 | 1 | |a Treľová, Silvia | |
| 700 | 1 | |a Procházková, Lenka | |